00349nam a2200133Ia 4500008004100000041000800041082001600049100001700065245005400082260002700136300000800163365001600171700002800187230718s9999 xx 000 0 und d aeng a658.51bAAL aAalst W.V.D. aWorkflow Management:bModels, Methods And Systems c2002bPHI Learning Pub a368 cRs.b325.00 aAalst W.V.D. & Hee K.V.